00788nam a2200229Ia 4500003000400000005001700004008004100021020001800062040000700080041000800087082002300095100004600118245006100164260002800225300001500253365001300268650003000281906006700311942001200378999001900390952014900409OSt20230428101115.0210423s2011 xx 000 0 und d a9780143414261 cAL aeng a820.954 223bTHAS aTHARU (Susie);SATYANARAYANA (K),Ed994593 aNo alphabet in sight: new dalit writing from South India bPenguin Books Ltdc2011 axi,643bPB b599cINR aEnglish Literature994594 aalphabet ; dalit ; India ; new ; No ; sight: ; South ; writing 2ddccBK c161251d161251 001040708MAENGaSACPGbSACPGd2013-03-23eKnowledge Worldg599.00l1o820.954 THASpPG007732r2023-10-30 00:00:00s2023-10-19w2021-04-26yBK